|
|
|
|
| LEADER |
00000nab a2200000 a 4500 |
| 001 |
vtls001564374 |
| 003 |
SK-MaSNL |
| 005 |
20260426100349.0 |
| 008 |
250505c2005 xo zr|p|||||||000 b|slo |
| 015 |
|
|
|a SNBRB2005/05
|2 snkbucl
|
| 035 |
|
|
|a urn:nbn:sk:snk-ab82l3
|
| 035 |
|
|
|a (urnnbn)urn:nbn:sk:snk:ar-00652s
|
| 035 |
|
|
|a (uuid)3b8f82b5-d94a-4af5-a24e-da44a5a9454a
|
| 038 |
|
|
|a SNKBUCL
|
| 040 |
|
|
|a SNKBUCL
|b slo
|c SNKBUCL
|e AACR2
|
| 041 |
0 |
|
|a slo
|
| 044 |
|
|
|a xo
|c SK
|
| 080 |
|
|
|a 681.625.23:061.5
|x (437.6)
|2 1997
|
| 100 |
1 |
|
|a Bašťovanská, Thea
|4 aut
|4 ivr
|9 267483
|
| 245 |
1 |
0 |
|a KBA 46Karat je už realitou
|b promptná odpoveď tlačiarne na potreby klientov
|c Thea Bašťovanská, Ján Holčík
|
| 300 |
|
|
|b Fotogr., sch.
|
| 610 |
2 |
7 |
|a MON-COM (Bratislava, Slovensko)
|2 snkbucl
|9 1567021
|
| 650 |
0 |
7 |
|a digitálne ofsetové tlačové stroje
|2 snkbucl
|9 1454206
|
| 651 |
|
7 |
|a Bratislava (Slovensko)
|2 snkbucl
|9 14568
|
| 700 |
1 |
|
|a Holčík, Ján,
|d 1937-
|4 aut
|9 155499
|
| 773 |
0 |
|
|t Papier a polygrafia
|g Roč. III, č. 1 (2005), s. 8-9
|x 1336-281X
|
| 850 |
|
|
|a Slovenská národná knižnica
|
| 852 |
|
|
|a Slovenská národná knižnica
|
| 954 |
|
|
|a odborná, vedecká literatúra pôvodná (slovenská)
|2 lita
|
| 958 |
|
|
|a article9
|
| 958 |
|
|
|a OND
|
| 958 |
|
|
|a EUIPO
|
| 999 |
|
|
|c 3193721
|d 3195651
|